<?xml version="1.0" encoding="UTF-8"?><?xml-stylesheet type="text/xsl" href="static/style.xsl"?><OAI-PMH xmlns="http://www.openarchives.org/OAI/2.0/" xmlns:xsi="http://www.w3.org/2001/XMLSchema-instance" xsi:schemaLocation="http://www.openarchives.org/OAI/2.0/ http://www.openarchives.org/OAI/2.0/OAI-PMH.xsd"><responseDate>2026-04-14T05:22:26Z</responseDate><request verb="GetRecord" identifier="oai:www.recercat.cat:10459.1/468485" metadataPrefix="marc">https://recercat.cat/oai/request</request><GetRecord><record><header><identifier>oai:recercat.cat:10459.1/468485</identifier><datestamp>2025-09-15T18:56:24Z</datestamp><setSpec>com_2072_3622</setSpec><setSpec>col_2072_479130</setSpec></header><metadata><record xmlns="http://www.loc.gov/MARC21/slim" xmlns:dcterms="http://purl.org/dc/terms/" xmlns:xsi="http://www.w3.org/2001/XMLSchema-instance" xmlns:doc="http://www.lyncode.com/xoai" xsi:schemaLocation="http://www.loc.gov/MARC21/slim http://www.loc.gov/standards/marcxml/schema/MARC21slim.xsd">
   <leader>00925njm 22002777a 4500</leader>
   <datafield ind2=" " ind1=" " tag="042">
      <subfield code="a">dc</subfield>
   </datafield>
   <datafield ind2=" " ind1=" " tag="720">
      <subfield code="a">Benito i Monclús, Pere</subfield>
      <subfield code="e">author</subfield>
   </datafield>
   <datafield ind2=" " ind1=" " tag="720">
      <subfield code="a">Reixach Sala, Albert</subfield>
      <subfield code="e">author</subfield>
   </datafield>
   <datafield ind2=" " ind1=" " tag="720">
      <subfield code="a">Barber Blasco, Alberto</subfield>
      <subfield code="e">author</subfield>
   </datafield>
   <datafield ind2=" " ind1=" " tag="720">
      <subfield code="a">Mas Craviotto, Adrià</subfield>
      <subfield code="e">author</subfield>
   </datafield>
   <datafield ind2=" " ind1=" " tag="720">
      <subfield code="a">Roca Cabau, Guillem</subfield>
      <subfield code="e">author</subfield>
   </datafield>
   <datafield ind2=" " ind1=" " tag="260">
      <subfield code="c">2025-08-10</subfield>
   </datafield>
   <datafield ind2=" " ind1=" " tag="520">
      <subfield code="a">The present article aims to assess the epidemic sequence after the Black Death and up to around 1530 in Catalonia (northeastern Iberia). It specifically examines rich sources to assess its effects in the framework of European dominant scholarship on demographic and socioeconomic dynamics that are too often only centred on the lethal plague between 1348 and 1351. It resorts to a robust sample of urban and rural communities throughout Catalonia endowed with documentary sources that provide both direct evidence (institutional death counts and obituary books from the cities of Barcelona and Vic and various rural parishes) and indirect evidence (using will series as a proxy) complemented with municipal registers and narrative sources from different observatories throughout Catalan territory. It reconstructs the specific chronology, geography and changing features in terms of the duration and seasonality of epidemic crises in this area. Similarly, it offers local estimates of mortality directly due to some of the major outbreaks of plague and other diseases from 1362 to 1530 that improve on traditional approaches based on simple comparisons of total population figures at different moments. Finally, through the best documented cases, there are some preliminary insights into child and adult mortality trends in times of contagion, as well as their household-clustered impact. The observed frequency, distribution and approximative mortality rates of some epidemic episodes should contribute to resituate current hypotheses of the effects of demographic shocks arising from epidemics in premodern Europe.</subfield>
   </datafield>
   <datafield ind2=" " ind1=" " tag="520">
      <subfield code="a">This work has been written within the framework of the research projects EPIDEMED [PID2020-117839GB-I00], funded by MICIU/AEI/10.13039/501100011033, MORTALITAS [PID2023-151785NBI00], funded by MICIU/AEI/10.13039/501100011033 and FEDER, UE, IlerCriSan [2023CRINDESTABC], funded by Indest-UdL, the research group 2021 SGR 1607, supported by the Government of Catalonia, and in the particular case of Albert Reixach Sala, grant [RYC2022-036326-I], funded by MICIU/AEI/10.13039/501100011033 and FSE+.</subfield>
   </datafield>
   <datafield tag="653" ind2=" " ind1=" ">
      <subfield code="a">Epidemics</subfield>
   </datafield>
   <datafield tag="653" ind2=" " ind1=" ">
      <subfield code="a">Black Death</subfield>
   </datafield>
   <datafield tag="653" ind2=" " ind1=" ">
      <subfield code="a">14th-16th centuries Catalonia</subfield>
   </datafield>
   <datafield tag="653" ind2=" " ind1=" ">
      <subfield code="a">Late medieval Iberia</subfield>
   </datafield>
   <datafield tag="653" ind2=" " ind1=" ">
      <subfield code="a">Mortality</subfield>
   </datafield>
   <datafield tag="653" ind2=" " ind1=" ">
      <subfield code="a">Obituary books</subfield>
   </datafield>
   <datafield tag="653" ind2=" " ind1=" ">
      <subfield code="a">Wills</subfield>
   </datafield>
   <datafield ind2="0" ind1="0" tag="245">
      <subfield code="a">Assessing epidemic outbreaks in late medieval Catalonia (1348–1530): from communities to family units</subfield>
   </datafield>
</record></metadata></record></GetRecord></OAI-PMH>